|
|
|
|
| LEADER |
01805nam a2200445 4500 |
| 001 |
ocn847546818 |
| 003 |
OCoLC |
| 005 |
20180501122010.0 |
| 006 |
m o d |
| 007 |
cr cn||||||||| |
| 008 |
050614s2013 maua ob 001 0 eng d |
| 040 |
|
|
|a E7B
|b eng
|e pn
|c E7B
|d OCLCO
|d OPELS
|d UIU
|d N$T
|d OCLCF
|d EBLCP
|d YDXCP
|d UKDOC
|d DEBSZ
|d OCLCQ
|d VGM
|d OCLCQ
|d DEBBG
|d GrThAP
|
| 019 |
|
|
|a 827210726
|
| 020 |
|
|
|a 9780124046405
|q (electronic bk.)
|
| 020 |
|
|
|a 0124046401
|q (electronic bk.)
|
| 020 |
|
|
|a 9780124045828
|
| 035 |
|
|
|a (OCoLC)847546818
|z (OCoLC)827210726
|
| 050 |
|
4 |
|a QD505
|b .A3865 2013eb
|
| 072 |
|
7 |
|a SCI
|x 013050
|2 bisacsh
|
| 082 |
0 |
4 |
|a 541.395
|2 23
|
| 049 |
|
|
|a TEFA
|
| 245 |
0 |
0 |
|a Advances in inorganic chemistry.
|n Volume 65,
|p Homogeneous catalysis /
|c edited by Rudi van Eldik, Colin D. Hubbard.
|
| 246 |
3 |
0 |
|a Homogeneous catalysis
|
| 260 |
|
|
|a Waltham, MA :
|b Academic Press,
|c 2013.
|
| 300 |
|
|
|a 1 online resource (x, 330 pages) :
|b illustrations.
|
| 336 |
|
|
|a text
|b txt
|2 rdacontent
|
| 337 |
|
|
|a computer
|b c
|2 rdamedia
|
| 338 |
|
|
|a online resource
|b cr
|2 rdacarrier
|
| 490 |
0 |
|
|a Advances in inorganic chemistry ;
|v 65
|
| 504 |
|
|
|a Includes bibliographical references and index.
|
| 650 |
|
0 |
|a Chemistry, Inorganic.
|
| 650 |
|
0 |
|a Catalysis.
|
| 650 |
|
7 |
|a SCIENCE
|x Chemistry
|x Physical & Theoretical.
|2 bisacsh
|
| 650 |
|
7 |
|a Catalysis.
|2 fast
|0 (OCoLC)fst00848867
|
| 650 |
|
7 |
|a Chemistry, Inorganic.
|2 fast
|0 (OCoLC)fst00853488
|
| 655 |
|
4 |
|a Electronic books.
|
| 700 |
1 |
|
|a Eldik, Rudi van.
|
| 700 |
1 |
|
|a Hubbard, Colin D.
|
| 776 |
0 |
8 |
|i Print version:
|a Van Eldik, Rudi.
|t Advances in Inorganic Chemistry : Homogeneous Catalysis.
|d Burlington : Elsevier Science, ©2013
|z 9780124045828
|
| 856 |
4 |
0 |
|u https://www.sciencedirect.com/science/bookseries/08988838/65
|z Full Text via HEAL-Link
|